00482nam a2200157Ia 4500008004100000020001800041082001400059100004100073245003300114250000800147260007000155300003100225500001900256600003300275650001600308240925s9999 xx 000 0 und d a9780071755498 a519.5 SPI aSpiegel, Murray R; Stephen, Larry J 0aSchaum's Outlines Statistics a4th aNew Delhi:bMcGraw Hill Education (India) Private Limitedc,2007. axxiii, 1320p.b0fOriginal aIncludes Index aHumanities & Natural Science aMathematics